Представление документа в формате RUSMARC

ПолеНазваниеЗначение
  Тип записи a
  Библиографический уровень m
001 Контрольный номер RU/REG73/CBS_GRAD/666e6c3141d54ad38afdeccbf43efcb3
005 Дата корректировки 20260415162905.7
010 Индекс ISBN __
b Уточнения в пер.
9 Тираж 25000 экз.
100 Данные общей обработки __
a Данные общей обработки 20260415d1982 u y0rusy0189## ca
101 Язык документа 0_
a Язык текста rus
102 Страна публикации __
a Страна публикации RU
105 Кодированные данные (монография) __
a Кодированные данные (монография) a z 000yy
200 Заглавие и сведения об ответственности 1_
a Заглавие Здания и залы Эрмитажа
e Сведения, относящиеся к заглавию альбом
f Первые сведения об ответственности автор текста и составитель Татьяна Михайловна Соколова
g Последующие сведения об ответственности фотографы В. Савик, Б. Кузнецов, А. Кашницкий
g Последующие сведения об ответственности редактор Н. Обновленская
203 Вид содержания и тип средства __
a Вид содержания Текст
b Характеристика содержания визуальный
c Тип средства непосредственный
210 Выходные данные 1_
a Место издания Ленинград
c Издательство Искусство
d Дата издания 1982
215 Физическое описание __
a Объем 197 с.
c Иллюстрации/тип воспроизводства ил., фотоил.
d Формат 22 см
606 Тематические рубрики 0_
a Основная рубрика Художественные музеи
610 Ключевые слова 0_
a Ключевые слова музеи мира; художественные коллекции; памятники искусства
686 Индексы других классификаций __
a Классификационный индекс 85.101
2 Код системы rubbk
700 Автор _1
a Фамилия Соколова
b Имя (инициалы) Т. М.
g Полное личное имя Татьяна Михайловна
4 Код отношения 220
702 Вторичная интеллектуальная ответственность _1
a Фамилия Савик
b Имя (инициалы) В. И.
4 Код отношения 600
702 Вторичная интеллектуальная ответственность _1
a Фамилия Кузнецов
b Имя (инициалы) Б. М.
4 Код отношения 600
702 Вторичная интеллектуальная ответственность _1
a Фамилия Кашницкий
b Имя (инициалы) А. И.
4 Код отношения 600
702 Вторичная интеллектуальная ответственность _1
a Фамилия Кашницкий
b Имя (инициалы) А. И.
702 Вторичная интеллектуальная ответственность _1
a Фамилия Обновленская
b Имя (инициалы) Н. Г.
4 Код отношения 340
801 Источник записи _0
a Страна RU
b Организация RuCBSGrad
c Дата составления 20260415
g Правила каталогизации RCR
801 Источник записи _1
a Страна RU
b Организация RuCBSGrad
c Дата составления 20260415
g Правила каталогизации RCR
852 Данные о местонахождении __
a Наименование организации МБУК "ЦБС г.Димитровграда"
i Авторский знак С 54
z Тип записи R
901 Тип документа __
t Тип документа m
909 Создатель записи __
a Создатель записи Гонюкова
b Дата создания записи 20260415